The political economy of international relations

Wedi'i Gadw mewn:
Manylion Llyfryddiaeth
Prif Awdur: Gilpin, Robert
Fformat: Llyfr
Iaith:Undetermined
Cyhoeddwyd: Princeton, N.J Princeton University Press 1987
Pynciau:
Tagiau: Ychwanegu Tag
Dim Tagiau, Byddwch y cyntaf i dagio'r cofnod hwn!
Thư viện lưu trữ: Trung tâm Học liệu Trường Đại học Cần Thơ
LEADER 00584nam a2200181Ia 4500
001 CTU_81272
008 210402s9999 xx 000 0 und d
082 |a 337.19 
082 |b G489 
100 |a Gilpin, Robert 
245 4 |a The political economy of international relations 
245 0 |c Robert Gilpin; Jean M. Gilpin 
260 |a Princeton, N.J 
260 |b Princeton University Press 
260 |c 1987 
650 |a Commercial policy,International economic relations,International finance 
904 |i Trọng Hải 
980 |a Trung tâm Học liệu Trường Đại học Cần Thơ